Econometric methods /

Bibliographic Details
Main Author: Johnston, J. (John), 1923-
Format: Book
Language:English
Published: New York : McGraw-Hill, [1984]
Edition:3rd ed.
Subjects:

MARC

Tag First Indicator Second Indicator Subfields
LEADER 00000cam a2200000 a 4500
001 in00000525967
005 20151013092337.0
008 830707s1984 nyua b 00110 eng
010 |a  83014899  
020 |a 0070326851 :  |c $28.95 (est.) 
035 |a (OCoLC)09757306 
035 |9 ACG0109AM 
040 |a DLC  |c DLC  |d OCL  |d TXA  |d UtOrBLW 
049 |a TXAM  |c [1485988] 
050 0 0 |a HB139  |b .J65 1984 
082 0 |a 330/.028  |2 19 
100 1 |a Johnston, J.  |q (John),  |d 1923- 
245 1 0 |a Econometric methods /  |c J. Johnston. 
250 |a 3rd ed. 
264 1 |a New York :  |b McGraw-Hill,  |c [1984] 
264 4 |c ©1984 
300 |a viii, 568 pages :  |b illustrations ;  |c 24 cm. 
336 |a text  |b txt  |2 rdacontent 
337 |a unmediated  |b n  |2 rdamedia 
338 |a volume  |b nc  |2 rdacarrier 
504 |a Includes bibliographical references and index. 
650 0 |a Econometrics. 
999 |a MARS 
999 f f |s 3b2451ac-e90e-3b36-8a6c-e1558272090c  |i d4a8b0cf-ac2a-325e-8da3-d13cd2d0977a  |t 0 
952 f f |p normal  |a Texas A&M University  |b College Station  |c Sterling C. Evans Library  |d Evans: Library Stacks  |t 0  |e HB139 .J65 1984  |h Library of Congress classification  |i unmediated -- volume  |m A14808068368 
998 f f |a HB139 .J65 1984  |t 0  |l Evans: Library Stacks